Understanding Joints. (Record no. 5037)

MARC details
000 -LEADER
fixed length control field 00562nam a22001937a 4500
003 - CONTROL NUMBER IDENTIFIER
control field OSt
005 - DATE AND TIME OF LATEST TRANSACTION
control field 20250909020003.0
008 - FIXED-LENGTH DATA ELEMENTS--GENERAL INFORMATION
fixed length control field 160818b xxu||||| |||| 00| 0 eng d
020 ## - INTERNATIONAL STANDARD BOOK NUMBER
International Standard Book Number 0748753990
040 ## - CATALOGING SOURCE
Transcribing agency DNLM.
082 ## - DEWEY DECIMAL CLASSIFICATION NUMBER
Classification number WE300K573u 2000.
100 ## - MAIN ENTRY--PERSONAL NAME
Personal name Bernard, Kingston;
9 (RLIN) 10782
245 ## - TITLE STATEMENT
Title Understanding Joints.
Remainder of title A Practicle Guide to their structure and Function.
260 ## - PUBLICATION, DISTRIBUTION, ETC. (IMPRINT)
Place of publication, distribution, etc. New York.
Name of publisher, distributor, etc. stanley Thones,
Date of publication, distribution, etc. 2000.
300 ## - PHYSICAL DESCRIPTION
Extent 240p;
Other physical details ill;
Dimensions 25cm.
504 ## - BIBLIOGRAPHY, ETC. NOTE
Bibliography, etc References and Index are Included,
650 ## - SUBJECT ADDED ENTRY--TOPICAL TERM
Topical term or geographic name as entry element Joints.
9 (RLIN) 10774
942 ## - ADDED ENTRY ELEMENTS (KOHA)
Source of classification or shelving scheme Other/Generic Classification Scheme
Koha item type Open Shelf
Koha issues (borrowed), all copies 1
Holdings
Withdrawn status Lost status Source of classification or shelving scheme Damaged status Not for loan Home library Current library Date acquired Source of acquisition Inventory number Total Checkouts Full call number Barcode Date last seen Price effective from Koha item type Date last checked out
    Other/Generic Classification Scheme     MUST Main Library MUST Main Library 18/08/2016   03/18640   WE300K573u 2000. 2016-3732 18/08/2016 18/08/2016 Open Shelf  
    Other/Generic Classification Scheme     MUST Main Library MUST Main Library 18/08/2016   03/18570   WE300K573u 2000. 2016-3733 18/08/2016 18/08/2016 Open Shelf  
    Other/Generic Classification Scheme     MUST Main Library MUST Main Library 18/08/2016   06/27460 1 WE300K573u 2000. 2016-3734 22/09/2025 18/08/2016 Open Shelf 08/09/2025